000 00339nam a2200133Ia 4500
008 231129s1979||||xx |||||||||||||| ||spa||
040 _bspa
082 _a294.5924 B575
100 _aBhaktivedanta Swami P. A.C.
245 0 _aEl Bhagavad-Gita tal como es
260 _c1979
264 _aThe Bhaktivedanta Book Trust
942 _2ddc
_cBKS
999 _c10364
_d10364